|
|
|
|
| LEADER |
00000nam0a2200000 4500 |
| 001 |
374199 |
| 005 |
20231102012631.0 |
| 035 |
|
|
|a (RuTPU)RU\TPU\retro\31633
|
| 035 |
|
|
|a RU\TPU\book\303913
|
| 090 |
|
|
|a 374199
|
| 100 |
|
|
|a 20221219d1986 k y0rusy50 ca
|
| 101 |
0 |
|
|a rus
|
| 102 |
|
|
|a BY
|
| 105 |
|
|
|a a z 001zy
|
| 200 |
1 |
|
|a Теплофизические и физико-химические процессы в энергетических установках
|e сборник научных трудов
|f Академия наук Белорусской ССР (АН БССР), Институт тепло- и массообмена им. А. В. Лыкова (ИТМО) ; под ред. Р. И. Солоухина
|
| 210 |
|
|
|a Минск
|c Изд-во ИТМО
|d 1986
|
| 215 |
|
|
|a 166 с.
|c ил.
|
| 320 |
|
|
|a Библиогр. в конце ст.
|
| 606 |
1 |
|
|a Энергетические установки
|x Теплофизические свойства
|2 stltpush
|3 (RuTPU)RU\TPU\subj\21301
|9 46319
|
| 610 |
1 |
|
|a энергетика
|
| 610 |
1 |
|
|a физико-химические процессы
|
| 610 |
1 |
|
|a теплообмен
|
| 610 |
1 |
|
|a гидрогазодинамика
|
| 610 |
1 |
|
|a неравновесные системы
|
| 610 |
1 |
|
|a капиллярно-пористые тела
|
| 610 |
1 |
|
|a дисперсные системы
|
| 610 |
1 |
|
|a жидкости
|
| 610 |
1 |
|
|a газовые потоки
|
| 610 |
1 |
|
|a моделирование
|
| 610 |
1 |
|
|a турбулентные струи
|
| 610 |
1 |
|
|a тепломассообмен
|
| 675 |
|
|
|a 620.9.002.5:53
|v 3
|
| 702 |
|
1 |
|a Солоухин
|b Р. И.
|4 340
|
| 712 |
0 |
2 |
|a Академия наук Белорусской ССР (АН БССР)
|b Институт тепло- и массообмена им. А. В. Лыкова (ИТМО)
|c (Минск)
|2 stltpush
|3 (RuTPU)RU\TPU\col\11896
|
| 801 |
|
1 |
|a RU
|b 63413507
|c 20150110
|
| 801 |
|
2 |
|a RU
|b 63413507
|c 20221219
|g RCR
|
| 942 |
|
|
|c BK
|